02664nam a2200361 a 4500001001200000003000800012006001900020007001500039008004100054010001700095020001800112020002600130040002100156035002100177050002500198082001700223245009500240250001200335260007800347300002300425504005100448505082100499505053101320533015201851650001302003650003602016655002902052700004102081700002002122710001702142856012602159999001702285ebr10298099CaPaEBRm u cr cn|||||||||081027s2009 enka sb 001 0 eng d z 2008047104 z9780470741481 z9780470519813 (cloth) aCaPaEBRcCaPaEBR a(OCoLC)35283591914aRC628b.O2263 2009eb04a616.3/9822200aObesity and diabetesh[electronic resource] /ceditors, Anthony H. Barnett, Sudhesh Kumar. a2nd ed. aChichester, West Sussex, U.K. ;aHoboken, N.J. :bWiley-Blackwell,c2009. axv, 328 p. :bill. aIncludes bibliographical references and index.0 aChanging epidemiology of obesity : implications for diabetes / Jonathan Webber -- The genetics of human obesity / Victor J. Lawrence and Tahseen A. Chowdhury -- Lifestyle determinants of obesity / Laura Johnson and Susan A. Jebb -- Pathophysiology of obesity-induced T2DM / Konstantinos Lois, Phillip McTernan and Sudhesh Kumar -- Obesity and prevention of type 2 diabetes / Jaakko Tuomilehto, Jaana Lindstr�om and Karri Silventoinen -- Diet and food-based therapies for obesity in diabetic patients / Catherine Rolland and Iain Broom -- Behaviour change components of obesity treatment / Brent Van Dorsten -- Physical activity, obesity and type 2 diabetes / Carlton B. Cooke and Paul J. Gately -- Diabetes, obesity and cardiovascular disease : therapeutic implications / Jayadave Shakher and Anthony H. Barnett --0 aDrug therapy for the obese diabetic patient / John P.H. Wilding -- The role of metabolic surgery in the management of type 2 diabetes / David Kerrigan and John Pinkney -- Childhood obesity and type 2 diabetes / Krystyna A. Matyka -- Obesity and PCOS / Diana Raskauskiene and Richard N. Clayton -- Management of diabesity in primary care : a multidisciplinary approach / Ian W. Campbell -- Obesity and employment / Nerys Williams -- Obesity in different ethnic groups / Ponnusamy Saravanan, George Valsamakis and Sudhesh Kumar. aElectronic reproduction.bPalo Alto, Calif. :cebrary,d2013.nAvailable via World Wide Web.nAccess may be limited to ebrary affiliated libraries. 0aObesity. 0aNon-insulin-dependent diabetes. 7aElectronic books.2local1 aBarnett, A. H.q(Anthony H.),d1951-1 aKumar, Sudhesh.2 aebrary, Inc.40uhttp://site.ebrary.com/lib/rucke/Doc?id=10298099zAn electronic book accessible through the World Wide Web; click to view c64842d64842